Statystyki dla Wisła - miasta przez które przepływa

Kliknij tutaj aby rozwiązać quiz!

Ogólne statystyki

  • Ten quiz został rozwiązany 130 razy
  • Średni wynik to 15 z 44

Statystyki odpowiedzi

LpMiasto% Poprawnych
9Kraków
95%
25Warszawa
95%
44Gdańsk
94%
35Toruń
85%
30Płock
80%
1Wisła
76%
37Bydgoszcz
70%
15Sandomierz
64%
32Włocławek
60%
40Grudziądz
59%
19Puławy
51%
43Tczew
51%
18Kazimierz Dolny
41%
14Tarnobrzeg
40%
7Oświęcim
38%
2Ustroń
32%
23Otwock
28%
27Nowy Dwór Mazowiecki
26%
8Skawina
25%
39Świecie
24%
20Dęblin
23%
24Józefów
23%
42Gniew
22%
3Skoczów
21%
38Chełmno
20%
34Ciechocinek
20%
5Czechowice-Dziedzice
19%
21Góra Kalwaria
19%
41Nowe
19%
26Łomianki
18%
31Dobrzyń nad Wisłą
17%
10Niepołomice
17%
36Solec Kujawski
17%
29Wyszogród
17%
17Annopol
16%
16Zawichost
14%
22Karczew
13%
12Połaniec
13%
4Strumień
13%
11Szczucin
13%
28Zakroczym
13%
13Baranów Sandomierski
11%
6Brzeszcze
11%
33Nieszawa
11%

Rozkład punktacji

Percentyl według liczby udzielonych odpowiedzi

Procent ludzi z każdym wynikiem

Twoja historia wyników

Nie rozwiązałeś tego quizu